| 000 | 01138 a2200205 4500 | ||
|---|---|---|---|
| 003 | Nust | ||
| 005 | 20220812161932.0 | ||
| 010 | _a 97004213 | ||
| 020 | _a0890066078 | ||
| 040 | _cNust | ||
| 082 | 0 | 0 | _a621.381522,MOR |
| 100 | 1 |
_aMorthier, Geert. _997044 |
|
| 245 | 1 | 0 |
_aHandbook of distributed feedback laser diodes / _cGeert Morthier, Patrick Vankwikelberge. |
| 260 |
_aBoston : _bArtech House, _cc1997. |
||
| 300 |
_axiv, 315 p. : _bill. ; _c24 cm. |
||
| 505 | _aIntroduction to Fabry -Perot and Distributed Feedback Laser Diodes (Page-1), Rate Equations Theory of Lase Diodes (Page-29), Coupled Mode Theory Of DFB Laser Diodes (Page-61), Appling the Coupled Mode Theory (Page-93), A Close Look at the Carrier Injections (Page-123), The Spectrum DFB Laser Diodes (Page-147), The IM and FM Behavior Of DFB Laser Diodes (Page-187),Harmonic and Inter mediation Distortion (Page-219), Noise Characteristics OF DFB Laser Diodes (Page-251), Fabrication and Packaging Of DFB Laser Diodes (Page-279), Epilogue (Page-293). | ||
| 650 | 0 | _aTelecommunication Engineering. | |
| 700 | 1 |
_aVankwikelberge, Patrick. _997045 |
|
| 942 |
_cREF _2ddc |
||
| 999 |
_c175704 _d175704 |
||